000 00494 a2200157 4500
999 _c7959
_d7959
020 _a9780415888431
050 _aML 3917 MUS 2012
245 _aMusic, performance and African identities/
264 _aNew York :
_bRoutledge,
_c2012.
300 _aix, 346 p. :
_bill.
500 _aIncludes index
650 _a Popular music -- Social aspects
_xAfrica.
650 _aPopular music
_x Africa -- History
650 _acriticism. Popular culture
_xAfrica.
942 _2lcc
_cBK
_h3917
_iMUS
_kML